000 00469nam a2200181 a 4500
001 1767681889813
003 YourLibrary
005 20260107144231.0
008 260106s2007##################000#0#eng##
020 _a9780205416622
082 0 4 _a300.72
_bWOL
100 1 _aWolfer, Loreen Therese,
_eauthor.
245 1 0 _aReal Research :
260 _bPrentice Hall,
_c2007.
650 0 _aSocial sciences.
942 _cENGLISH
040 _aYourLibrary
_beng
_cYourLibrary
999 _c607418
_d607418